Statistics for Countries with the Smallest Road Network

Click here to take the quiz!

General Stats

  • This quiz has been taken 26 times
  • The average score is 8 of 10

Answer Stats

KM of RoadsCountry% Correct
30Nauru
100%
380Liechtenstein
92%
77Monaco
92%
320Andorra
88%
292San Marino
88%
8Tuvalu
88%
240Federated States of Micronesia
77%
383St. Kitts and Nevis
73%
88Maldives
65%
320Sao Tome and Principe
62%

Score Distribution

Percentile by Number Answered

Percent of People with Each Score

Your Score History

You have not taken this quiz